01956njm a2200505 i 450000100060000000300090000600500170001500700150003200800410004702000150008802000150010304000490011804100080016704600090017508000270018408000220021108000210023310000460025424500300030026000400033030001180037033600390048833600360052733700230056333700630058633800320064933800360068138000110071738800140072849000580074250000670080050000430086750001290091050000380103960000340107764800140111165500240112565500180114970000730116770000530124070000270129370000440132071000290136483000570139334959KOSZ 00520220816122955.0sd fsngnnmmned061010s2005 pl munn 000 0 d a8360004080 a8360004064 cKOSZ 005aKOSZ 005dKOSZ 005/ARdKOSZ 005/HR0 apol k2005 a780.8:780.616(438)"18" a78.071.1(438)"18" a929-052(438)"18" aChopin, Fryderykd(1810-1849)eKompozytor10aChopin /cFryderyk Chopin aWarszawa :bMediasat Poland,c2005. a1 płyta CD (69 min 01 s) :bzapis cyfrowy, stereo ;c12 cm +e1 dodatek : 51 stron : ilustracje ; 13 cm x 14 cm. 2rdacontentaNagranie muzycznebprm 2rdacontent3DodatekaTekstbtxt 2rdamediaaAudiobs 2rdamedia3DodatekaBez urządzenia pośredniczącegobn 2rdacarrieraPłyta audiobd 2rdacarrier3DodatekaWoluminbc aMuzyka a1801-19001 aBiblioteka Gazety Wyborczej. Wielcy Kompozytorzy ;v2 aReżyser nagrania: Małgorzata Polańska, Lech Tołwiński. aJanusz Olejniczak, fortepian-Steinway. aNagranie: Sala koncertowa Akademii Muzycznej im. Feliksa Nowowiejskiego w Bydgoszczy, sierpień 1995, kwiecień 1996 roku. aTekst komentarza: Artur Szklener.1 aChopin, Fryderykd(1810-1849) 7a1801-1900 aMuzyka na fortepian aMuzyka polska1 aPolańska, Małgorzatac(reżyser dźwięku)eReżyser nagrania1 aTołwiński, Lechd(1954- )eReżyser nagrania1 aSzklener, ArtureTekst1 aOlejniczak, Januszd(1952- )eWykonanie aMediasat PolandeWydawca 0aBiblioteka Gazety Wyborczej.pWielcy Kompozytorzyv2